| 000 | 00979nam a2200253 i 4500 | ||
|---|---|---|---|
| 001 | bgj | ||
| 100 | 1 | _aTETERIS, Sylvia | |
| 245 | 1 | 0 |
_aTeacher's Guide : _bThe Little Red Hen ; Goldilocks and the Three Bears ; The Gingerbeard Man ; The Three Billy Goats Gruff ; Snow White and the Seven Dwarfs / _cSylvia Teteris ; Ewa Kołodziejska ; illustrated by Krystyna Michałowska, Paweł Różewicz, Małgorzata Zachorowska. |
| 260 |
_aWarszawa : _bWydawnictwa Szkolne i Pedagogiczne, _c1996. |
||
| 300 |
_a120 pp : _bill. ; _c20 cm. |
||
| 490 | 1 | _aPlays for Children | |
| 650 | 9 | _aPlays for children | |
| 700 | 1 |
_aKOŁODZIEJSKA, Ewa. _eco-author |
|
| 700 | 1 |
_aMICHAŁOWSKA, Krystyna. _eill. |
|
| 700 | 1 |
_aRÓŻEWICZ, Paweł. _eill. |
|
| 700 | 1 |
_aZACHOROWSKA, Małgorzata. _eill. |
|
| 830 | _aPlays for Children | ||
| 020 | _a8302063770 (pbk) | ||
| 040 | _cBPK | ||
| 041 | 0 | _aeng | |
| 920 | _a83-02-06377-0 (pbk) | ||
| 942 | _cKS | ||
| 008 | s uk f |000 0 eng | ||
| 999 |
_c48296 _d48296 |
||